[Event "XLIV Torneo di Capodanno"]
[Site "Reggio nell'Emilia ITA"]
[Date "2002.01.06"]
[Round "7"]
[White "Costantini, Roberto"]
[Black "Delchev, Aleksander"]
[Result "0-1"]
[WhiteElo "2314"]
[BlackElo "2634"]
[PlyCount "72"]
[EventDate "2001.12.30"]

1. e4 c5 2. Nf3 e6 3. d4 cxd4 4. Nxd4 a6 5. Nc3 Nc6 6. Be3 Nf6 7. Qd2 Bb4 8. f3
d5 9. a3 Qa5 10. Nb3 Bxc3 11. bxc3 Qc7 12. Bd3 dxe4 13. fxe4 O-O 14. O-O Ng4
15. Bf4 e5 16. Bg3 Be6 17. h3 Qb6+ 18. Kh1 Ne3 19. Rfe1 Nc4 20. Qe2 Nd6 21. Bf2
Qc7 22. Nc5 Rfe8 23. Rab1 Na5 24. Nxe6 Rxe6 25. c4 Ndxc4 26. a4 Rc6 27. Rb4 Nb6
28. Reb1 Nd7 29. Qe1 Rc8 30. Be3 Nc5 31. Qf2 Rd8 32. Bb5 axb5 33. axb5 Rf6 34.
b6 Qc8 35. Qg3 Ne6 36. Qxe5 Nc6 0-1

[Event "XLIV Torneo di Capodanno"]
[Site "Reggio nell'Emilia ITA"]
[Date "2002.01.06"]
[Round "7"]
[White "Georgiev, Vladimir"]
[Black "Djingarova, Emilia"]
[Result "1-0"]
[WhiteElo "2564"]
[BlackElo "2256"]
[PlyCount "101"]
[EventDate "2001.12.30"]

1. c4 c5 2. Nc3 Nc6 3. Nf3 g6 4. e3 d6 5. d4 Bg7 6. d5 Nb4 7. a3 Na6 8. h3 Nf6
9. e4 O-O 10. Bd3 Nc7 11. Bg5 h6 12. Be3 Kh8 13. Rb1 Ng8 14. Qd2 e5 15. g4 f5
16. gxf5 gxf5 17. exf5 Bxf5 18. Bxf5 Rxf5 19. Qe2 Qe7 20. Ne4 Raf8 21. Nfd2 b5
22. b3 a6 23. Rg1 Ne8 24. a4 b4 25. Kd1 Qh4 26. Qg4 Qh5 27. Ng3 Qxg4+ 28. hxg4
R5f7 29. Ke2 Ngf6 30. Nge4 Nxe4 31. Nxe4 Rd7 32. g5 hxg5 33. Nxg5 Nc7 34. Rg4
Rf5 35. Kd3 Kg8 36. Rbg1 Ne8 37. Ne6 Rh5 38. R4g3 Rh2 39. a5 Rh5 40. Rg6 Kh7
41. R1g3 Rh1 42. Rg2 Rh5 43. R6g3 Kg8 44. Bg5 Kh7 45. Rf3 Kg8 46. Be3 Rf7 47.
Rfg3 Rd7 48. f4 exf4 49. Bxf4 Kh8 50. Nxg7 Nxg7 51. Bxd6 1-0

[Event "XLIV Torneo di Capodanno"]
[Site "Reggio nell'Emilia ITA"]
[Date "2002.01.06"]
[Round "7"]
[White "Naumkin, Igor"]
[Black "Zaja, Ivan"]
[Result "1/2-1/2"]
[WhiteElo "2414"]
[BlackElo "2476"]
[PlyCount "27"]
[EventDate "2001.12.30"]

1. d4 Nf6 2. c4 e6 3. Nf3 Bb4+ 4. Bd2 Qe7 5. g3 Nc6 6. Nc3 d6 7. Qc2 O-O 8. a3
Bxc3 9. Bxc3 a5 10. b3 e5 11. d5 Nb8 12. Bg2 c6 13. dxc6 Nxc6 14. O-O 1/2-1/2

[Event "XLIV Torneo di Capodanno"]
[Site "Reggio nell'Emilia ITA"]
[Date "2002.01.06"]
[Round "7"]
[White "Scalcione, Michelangelo"]
[Black "Cebalo, Miso"]
[Result "0-1"]
[WhiteElo "2292"]
[BlackElo "2492"]
[PlyCount "52"]
[EventDate "2001.12.30"]

1. Nf3 g6 2. e4 c5 3. d4 Bg7 4. Nc3 cxd4 5. Nxd4 d6 6. Bc4 Nf6 7. Be3 O-O 8. f3
Nc6 9. Qd2 Bd7 10. O-O-O Qa5 11. Kb1 Rfc8 12. Bb3 Ne5 13. g4 b5 14. Rdg1 Nc4
15. Bxc4 bxc4 16. h4 Rab8 17. Ka1 Qb4 18. Rb1 Rc5 19. h5 Ra5 20. hxg6 fxg6 21.
Qh2 Rb6 22. Nde2 Rba6 23. Rbf1 h5 24. Bd4 Nxe4 25. fxe4 Bxd4 26. Nxd4 Qxc3 0-1

[Event "XLIV Torneo di Capodanno"]
[Site "Reggio nell'Emilia ITA"]
[Date "2002.01.06"]
[Round "7"]
[White "Vezzosi, Paolo"]
[Black "Chatalbashev, Boris"]
[Result "1-0"]
[WhiteElo "2401"]
[BlackElo "2526"]
[PlyCount "135"]
[EventDate "2001.12.30"]

1. c4 b6 2. Nc3 Bb7 3. d4 e6 4. e4 Bb4 5. f3 f5 6. exf5 Nh6 7. fxe6 Nf5 8. Bf4
dxe6 9. Nge2 O-O 10. Qd2 Qh4+ 11. g3 Qh5 12. Bg2 Bxf3 13. Bxf3 Qxf3 14. O-O-O
Nc6 15. Rdf1 Qh5 16. d5 e5 17. dxc6 Rad8 18. Qc2 Bxc3 19. Qxc3 exf4 20. Nxf4
Qh6 21. Kb1 Nd4 22. a3 Nxc6 23. Nd5 Qh3 24. Rd1 Rde8 25. Ka2 Qg4 26. Nf4 Qf5
27. Rhe1 Qf7 28. Qd3 Ne5 29. Qd5 Qxd5 30. cxd5 Nf3 31. Rxe8 Rxe8 32. Ne6 Ne5
33. Nxc7 Rd8 34. Kb3 Kf7 35. d6 Kf6 36. Kb4 Nf7 37. Rf1+ Kg6 38. Ne6 Re8 39.
Nf4+ Kh6 40. Rd1 g5 41. Nd5 Re4+ 42. Kb3 Nxd6 43. Nxb6 Nf5 44. Nc8 a5 45. Nd6
Nxd6 46. Rxd6+ Kh5 47. Kc3 Re3+ 48. Rd3 Re2 49. Rd2 Re3+ 50. Kc4 a4 51. Kb5 Re4
52. h3 g4 53. h4 Kg6 54. Rd3 Kf5 55. b4 axb3 56. Rxb3 Re5+ 57. Kb6 Re6+ 58. Ka5
Ke4 59. a4 Re8 60. Kb4 Rb8+ 61. Kc3 Rc8+ 62. Kd2 Ra8 63. Ra3 Kd4 64. a5 Kc5 65.
a6 Ra7 66. Ke3 Rf7 67. Ke4 Kb6 68. a7 1-0

[Event "XLIV Torneo di Capodanno"]
[Site "Reggio nell'Emilia ITA"]
[Date "2002.01.07"]
[Round "8"]
[White "Cebalo, Miso"]
[Black "Chatalbashev, Boris"]
[Result "1/2-1/2"]
[WhiteElo "2492"]
[BlackElo "2526"]
[PlyCount "55"]
[EventDate "2001.12.30"]

1. d4 g6 2. c4 Bg7 3. e4 c5 4. d5 d6 5. Nc3 e6 6. f4 exd5 7. cxd5 Ne7 8. Nf3
O-O 9. Bc4 a6 10. a4 Bg4 11. O-O Nd7 12. h3 Bxf3 13. Qxf3 Kh8 14. g4 g5 15.
fxg5 Bd4+ 16. Kh1 Ne5 17. Qe2 N7g6 18. Bd2 f6 19. gxf6 Rxf6 20. b3 Nh4 21. Rxf6
Qxf6 22. Rf1 Qg6 23. Nd1 Re8 24. Rf4 Qg7 25. Bd3 Qe7 26. Bc2 Rf8 27. Nf2 Nhf3
28. Nd3 1/2-1/2

[Event "XLIV Torneo di Capodanno"]
[Site "Reggio nell'Emilia ITA"]
[Date "2002.01.07"]
[Round "8"]
[White "Delchev, Aleksander"]
[Black "Vezzosi, Paolo"]
[Result "1/2-1/2"]
[WhiteElo "2634"]
[BlackElo "2401"]
[PlyCount "57"]
[EventDate "2001.12.30"]

1. d4 Nf6 2. c4 e6 3. g3 c5 4. d5 exd5 5. cxd5 d6 6. Nc3 g6 7. Bg2 Bg7 8. Nf3
Na6 9. O-O O-O 10. Nd2 Nc7 11. Nc4 Nfe8 12. Bf4 b6 13. Ne4 Ba6 14. Ncxd6 Bxb2
15. Rb1 Bd4 16. Nxe8 Rxe8 17. Bg5 f6 18. Bxf6 Bxf6 19. d6 Bd4 20. dxc7 Qxc7 21.
e3 Bxf1 22. Qxf1 Bg7 23. Ng5 h6 24. Bd5+ Kh8 25. Qh3 Red8 26. Nf7+ Kh7 27. Ng5+
Kh8 28. Nf7+ Kh7 29. Ng5+ 1/2-1/2

[Event "XLIV Torneo di Capodanno"]
[Site "Reggio nell'Emilia ITA"]
[Date "2002.01.07"]
[Round "8"]
[White "Djingarova, Emilia"]
[Black "Naumkin, Igor"]
[Result "0-1"]
[WhiteElo "2256"]
[BlackElo "2414"]
[PlyCount "74"]
[EventDate "2001.12.30"]

1. e4 e6 2. d3 d5 3. Qe2 Be7 4. Nf3 Nf6 5. g3 O-O 6. Bg2 c5 7. O-O Nc6 8. e5
Ne8 9. h4 b5 10. Re1 b4 11. Nbd2 a5 12. Nf1 a4 13. c4 bxc3 14. bxc3 Rb8 15.
N1h2 Nc7 16. Ng4 Nb5 17. Bd2 d4 18. Ng5 dxc3 19. Qe4 g6 20. Nh6+ Kg7 21. Be3
Nbd4 22. Qf4 f6 23. Nxh7 fxe5 24. Qg4 Kxh7 25. h5 g5 26. Qe4+ Rf5 27. Bxd4 Kxh6
28. g4 Nxd4 29. gxf5 exf5 30. Qxe5 Bd6 31. Qd5 Qf6 32. Rac1 c2 33. Qc4 f4 34.
Be4 f3 35. Qg8 Bf5 36. Qd5 Bxe4 37. Rxe4 Rb1 0-1

[Event "XLIV Torneo di Capodanno"]
[Site "Reggio nell'Emilia ITA"]
[Date "2002.01.07"]
[Round "8"]
[White "Scalcione, Michelangelo"]
[Black "Georgiev, Vladimir"]
[Result "1/2-1/2"]
[WhiteElo "2292"]
[BlackElo "2564"]
[PlyCount "58"]
[EventDate "2001.12.30"]

1. Nf3 d6 2. d4 Nf6 3. c4 g6 4. Nc3 Bf5 5. d5 c5 6. Nd2 e5 7. e4 Bd7 8. a3 Na6
9. Rb1 h5 10. Nf3 Be7 11. h3 h4 12. b4 Nh5 13. Be3 b6 14. Qd2 Kf8 15. Bd3 Kg7
16. O-O Bf6 17. Ne2 Qe7 18. Rb3 Rac8 19. Rc1 Rhg8 20. Rbb1 Kf8 21. Ng5 Kg7 22.
Rf1 Kh8 23. Kh2 Rcf8 24. g4 hxg3+ 25. fxg3 Bxg5 26. Bxg5 f6 27. Bh6 Rf7 28. g4
Nf4 29. Bxf4 exf4 1/2-1/2

[Event "XLIV Torneo di Capodanno"]
[Site "Reggio nell'Emilia ITA"]
[Date "2002.01.08"]
[Round "9"]
[White "Chatalbashev, Boris"]
[Black "Delchev, Aleksander"]
[Result "1/2-1/2"]
[WhiteElo "2526"]
[BlackElo "2634"]
[PlyCount "69"]
[EventDate "2001.12.30"]

1. d4 d5 2. c4 c6 3. e3 Nf6 4. Nc3 a6 5. Qc2 g6 6. Bd3 Bg7 7. Nf3 O-O 8. O-O
Bg4 9. Ne5 Be6 10. b3 c5 11. Ne2 cxd4 12. exd4 Nc6 13. Nxc6 bxc6 14. Re1 Ne8
15. c5 Bg4 16. Bb2 e6 17. Ng3 Bf5 18. Nxf5 exf5 19. b4 Nc7 20. Bf1 Qd7 21. a4
Rfe8 22. Qd2 Re4 23. Bd3 Re6 24. Rxe6 Nxe6 25. Bf1 h5 26. Bc3 Kh7 27. Rb1 Bh6
28. Qd1 Bg7 29. Qd2 Bh6 30. Qb2 Nc7 31. Re1 Bg7 32. h3 Bf6 33. Bd3 Kg7 34. Qe2
Qc8 35. Qd2 1/2-1/2

[Event "XLIV Torneo di Capodanno"]
[Site "Reggio nell'Emilia ITA"]
[Date "2002.01.08"]
[Round "9"]
[White "Georgiev, Vladimir"]
[Black "Cebalo, Miso"]
[Result "1-0"]
[WhiteElo "2564"]
[BlackElo "2492"]
[PlyCount "85"]
[EventDate "2001.12.30"]

1. d4 Nf6 2. c4 g6 3. Nc3 Bg7 4. e4 d6 5. Bd3 O-O 6. Nge2 c5 7. d5 e6 8. O-O
exd5 9. cxd5 Na6 10. Bg5 h6 11. Bh4 g5 12. Bg3 Nh5 13. Kh1 Nc7 14. f4 gxf4 15.
Bxf4 Nxf4 16. Nxf4 Be5 17. Qf3 Qg5 18. Nh5 Ne8 19. h3 Bd7 20. a4 a6 21. a5 Rc8
22. Nd1 f6 23. Ne3 Ng7 24. Nxg7 Kxg7 25. Nc4 Bb5 26. Nb6 c4 27. Nxc8 Rxc8 28.
Rac1 Bxb2 29. Rc2 Be5 30. Be2 c3 31. Bxb5 axb5 32. Rb1 Rc5 33. g3 h5 34. h4 Qg4
35. Kg2 Kg6 36. Rb4 Qxf3+ 37. Kxf3 f5 38. Ke3 Bxg3 39. Rg2 f4+ 40. Kd3 Kf6 41.
Rb1 Ke5 42. Rxg3 fxg3 43. Rf1 1-0

[Event "XLIV Torneo di Capodanno"]
[Site "Reggio nell'Emilia ITA"]
[Date "2002.01.08"]
[Round "9"]
[White "Naumkin, Igor"]
[Black "Scalcione, Michelangelo"]
[Result "1/2-1/2"]
[WhiteElo "2414"]
[BlackElo "2292"]
[PlyCount "57"]
[EventDate "2001.12.30"]

1. d4 Nf6 2. Nf3 d6 3. c4 g6 4. Nc3 Bf5 5. g3 Ne4 6. Nxe4 Bxe4 7. Bh3 Bg7 8.
O-O Bxf3 9. exf3 O-O 10. d5 c6 11. Be3 Qc7 12. Qd2 Nd7 13. f4 Nf6 14. Rac1 c5
15. f5 Qd7 16. Qd3 Rab8 17. b3 b5 18. Rc2 a5 19. Re1 a4 20. Bc1 axb3 21. axb3
bxc4 22. bxc4 Rfe8 23. Ra2 Ra8 24. Rae2 Kf8 25. Bg5 Ra4 26. Kg2 Qa7 27. fxg6
hxg6 28. Kg1 Ra1 29. Qc2 1/2-1/2

[Event "XLIV Torneo di Capodanno"]
[Site "Reggio nell'Emilia ITA"]
[Date "2002.01.08"]
[Round "9"]
[White "Vezzosi, Paolo"]
[Black "Zaja, Ivan"]
[Result "0-1"]
[WhiteElo "2401"]
[BlackElo "2476"]
[PlyCount "132"]
[EventDate "2001.12.30"]

1. c4 e6 2. d4 Nf6 3. Nc3 Bb4 4. e3 b6 5. Nge2 Ba6 6. a3 Bxc3+ 7. Nxc3 d5 8. b3
O-O 9. a4 Nc6 10. Ba3 Re8 11. Be2 dxc4 12. Bxc4 Bxc4 13. bxc4 Na5 14. Qe2 Qd7
15. O-O Qc6 16. Bb4 Nxc4 17. Rac1 a6 18. Nb1 b5 19. Na3 Nd5 20. axb5 axb5 21.
Nxc4 bxc4 22. Rxc4 Qb5 23. Bc5 Nc3 24. Qd3 Ne4 25. Rfc1 Ra2 26. f3 Nxc5 27.
dxc5 Rb8 28. h4 h5 29. Qe4 Rd8 30. R4c2 Rxc2 31. Qxc2 Qb4 32. e4 Qd4+ 33. Qf2
Qe5 34. g3 Rd3 35. Kg2 g6 36. c6 Qa5 37. Rc2 Qa4 38. Qe2 Qd4 39. Qf2 Kf8 40.
Qxd4 Rxd4 41. e5 Rd5 42. f4 f6 43. exf6 Kf7 44. g4 Kxf6 45. gxh5 gxh5 46. Rc3
Ke7 47. Kf3 Kd6 48. Ke4 Rd1 49. Re3 Kxc6 50. Ke5 Kd7 51. Kf6 Rd4 52. f5 exf5
53. Kg5 f4 54. Ra3 f3 55. Rxf3 Rd5+ 56. Kf4 c5 57. Rg3 Kc6 58. Rg6+ Kb5 59. Rg5
Kc4 60. Rg1 Kc3 61. Rg5 Kd4 62. Rg1 c4 63. Rd1+ Kc5 64. Rc1 Kb4 65. Ke4 Rd3 66.
Rh1 Rg3 0-1